[Event "WCPL:Cardigan-The Vale"]
[Site "Merthyr Tydfil"]
[Date "2017.04.02"]
[Round "4.3"]
[White "Davis, Lee"]
[Black "Heap, Gerry"]
[Result "1/2-1/2"]
[WhiteElo "1933"]
[BlackElo "2085"]
[Annotator "Rudy"]
[PlyCount "127"]
[EventDate "2017.04.02"]
[EventCountry "WLS"]
[SourceDate "2016.10.09"]

1. d4 Nf6 2. g3 g6 3. Bg2 Bg7 4. Nf3 c5 5. O-O O-O 6. c4 cxd4 7. Nxd4 Nc6 8.
Nc3 Nxd4 9. Qxd4 d6 10. Qd3 Bf5 {Wh spent quite some time over the reply, not
liking to shut down the line of his B; but its standard} (10... a6) (10... Rb8
{more frequent}) 11. e4 (11. Qf3 {a minority taste, though scores higher than
the text at 72%}) 11... Be6 12. Be3 (12. b3) (12. Bd2 {main lines}) 12... Qa5 (
12... Ng4 13. Bd4 Ne5 $15 {but 1-5 for Bl}) 13. Nd5 (13. Bd4 Qh5 14. Nd5 Bxd5
15. cxd5 Ng4 16. h3 Ne5 17. Qd1 Qxd1 18. Rfxd1 $11 {Sukuba-Husek, SVK ch,
Piestany 1985, 1/2-1/2}) 13... Nxd5 14. cxd5 Bd7 15. Rfd1 Rfc8 16. Qd2 Qxd2 17.
Rxd2 $11 Rc4 18. Rad1 Rac8 19. f3 a6 20. Kf2 f5 21. b3 Rc2 22. Rxc2 Rxc2+ 23.
Rd2 Rc3 24. exf5 Bxf5 {the Bl pieces are far more active, but Komodo10 still
judges it level} 25. Bf1 Kf7 26. Bb6 (26. Rd1 $11 {Houdini4 & Komodo10}) 26...
Bh6 $15 27. f4 g5 28. Bd4 Rc1 29. Be3 gxf4 30. Bxf4 Bxf4 31. gxf4 {Wh now has
2 pawns to keep an eye on, as has Bl} Kf6 32. Be2 (32. Re2) 32... Be4 33. Bg4
Rc5 34. Be6 a5 (34... Rc3 35. Kg1 a5 $17) 35. Ke3 Bf5 36. Bxf5 Kxf5 37. Kd4 (
37. Rg2 h6 38. Rg7 Kf6 39. Rh7 Rc3+ 40. Kd4 Rh3 41. Kc4 Rxh2 42. Kb5 Rxa2 43.
Rxh6+ Kg7 44. Rh1 Kg6 45. Re1 Kf7 46. Rb1 Ke8 47. Rc1 Kd7 48. Rd1 Rb2 49. Rd3
b6 50. Ka6 e6 51. dxe6+ Kxe6 52. Kb5 $11 {Komodo10}) 37... Kxf4 (37... b5) 38.
Re2 Rc7 39. Re6 (39. a4) 39... b5 40. h4 h5 41. Rg6 (41. Re4+ Kg3 42. a4 b4 43.
Kd3 Rc3+ 44. Kd4 Rxb3 45. Rxe7 Ra3 46. Re6 Rxa4 47. Kc4 Ra1 48. Rxd6 Kxh4 $19 (
48... Rc1+ $19)) (41. Re1 Kg4 42. Ke3 a4 (42... Kxh4 43. Kf4 Kh3 44. Rh1+ Kg2
45. Rxh5 Rc2 46. a4 bxa4 47. bxa4 Re2 48. Rh6 Re5 49. Rg6+ Kf2 50. Re6 Rxd5 51.
Rxe7 Rd4+ 52. Re4 Rb4 53. Rxb4 axb4 54. a5 b3 55. a6 b2 56. a7 b1=Q 57. a8=Q
Qc1+ 58. Kf5 Qc5+ {given as winning with best play by Nalimov tablebases}))
41... Kf5 (41... Rc2 $19 {Komodo10} 42. Re6 Rxa2 43. Kd3 Rb2 44. Kc3 Rh2 45.
Rxe7 Rxh4 46. Re6 Rh3+ 47. Kc2 h4 48. Rxd6 Ke5 49. Rb6 b4 50. Rb5 Rc3+ 51. Kb2
Rd3 52. Rxa5 Rd2+ 53. Kc1 Rxd5 54. Ra7 h3 $19) 42. Rg5+ Kf6 43. Rxh5 Rc2 44.
Rh8 Rxa2 $17 {compare with previous note} 45. Rf8+ Kg7 46. Rb8 a4 (46... Rd2+
47. Ke4 b4 48. Rb5 Rb2 49. Rxa5 Rxb3 50. Kf5 Kf7 51. h5 Rb1 52. Ra4 (52. Rb5 b3
$19) 52... b3 53. Rf4 Kg7 54. Rf2 b2 55. Rg2+ Kh6 56. Kg4 Rd1 57. Rxb2 Rd4+ 58.
Kf3 Rxd5 $17 {Komodo10; but Bl must have excellent winning prospects with the
2 connected pawns, since the h pawn is dead} 59. Re2 e5 60. Rh2 Rd4 61. Kg3 d5
62. Re2 e4 63. Kg4 Rd1 64. Kf5 Rg1 65. Ke5 Rg5+ 66. Kd4 Kxh5 $19 {Nalimov
agrees}) 47. Rxb5 axb3 48. Kc3 Ra4 49. h5 Rh4 50. Kxb3 Rxh5 {looks a draw with
Bl's extra backward ( & pawns on the same side)} 51. Rb7 Kf6 52. Kc4 Rh7 53.
Ra7 Rh4+ 54. Kd3 Rh3+ 55. Kd4 Rh4+ 56. Kd3 Rh5 57. Kd4 Rf5 58. Ke4 Re5+ 59. Kd4
Kf5 60. Rd7 Re1 61. Ra7 Rd1+ 62. Kc4 Kf6 63. Rb7 Rc1+ (63... e6 64. dxe6 Kxe6
65. Rb8 {drawn; Nalimov}) 64. Kd4 1/2-1/2

[Event "WCPL:Cardigan-The Vale"]
[Site "Merthyr Tydfil"]
[Date "2017.04.02"]
[Round "4.4"]
[White "Van Kemenade, Rudy"]
[Black "Heaven, Peter"]
[Result "1-0"]
[WhiteElo "1962"]
[BlackElo "2097"]
[Annotator "Rudy"]
[PlyCount "99"]
[EventDate "2017.04.02"]
[EventCountry "WLS"]
[SourceDate "2016.10.09"]

1. e4 e6 2. d3 d5 3. Qe2 Nc6 4. Nf3 Nf6 (4... e5) (4... dxe4 5. dxe4 e5 6. c3
Nf6 7. Qc2 {Van Kemenade-Cobb, S Wales Spring blitz , previous week, 0-1}) 5.
e5 (5. g3) (5. c3 {main lines}) 5... Ng8 $146 {after some thought; this has
been played in a similar position, with b6 instead of Nc6. There are some
family resemblences between this game & he oneplayed in Rd3, Van Kemenade-
Hatchett, WCPL 2017,0-1; at least as far as the opening is concerned, though
the rd3 game started with f4} (5... Nd7 6. g3 f6 7. exf6 Qxf6 8. Bg2 {75% for
Wh}) 6. g3 (6. d4 Nge7 (6... f6 7. c3 Nge7 8. h4 $14) 7. c3 Nf5 8. b4 $14 {
Komodo10}) 6... Nge7 (6... f6 $5 {Komodo10}) 7. Bg2 Nf5 8. c3 Be7 9. h4 h5 {
there might be a threat of g4( Peter), though Komodo10 thinks its OK for Bl.
Rudy played it on positional grounds & to deter f6} (9... b6 10. g4 Nxh4 11.
Rxh4 Bxh4 12. g5 h6 13. Nxh4 hxg5 14. Nf3 f6 {Komodo10}) (9... f6 10. g4 $18
Nh6 11. exf6 Bf8 (11... Bxf6 12. g5) 12. Bxh6 gxh6 13. g5) 10. O-O a5 (10...
O-O $14 {Komodo10 content with this, Bl reluctant because of K side weakness})
11. a4 {to prevent a4 , Na5, & c5( but risks Bl getting 0-0-0 & then not being
able to play b4 (as in the Hatchett game)} (11. Na3 $14 {Komodo10}) 11... Qd7
12. Re1 b6 13. Bg5 {eliminates bad B & fighting for control of b4} Bb7 (13...
Ba6 {looks more active, expected by Wh}) 14. Na3 (14. Bxe7 Ncxe7 15. Ng5 c5 $14
{a4 needs attention}) 14... Bxg5 (14... d4 15. Nb5 dxc3 16. bxc3 Na7 17. Nxa7 (
17. Bxe7 Nxb5 18. axb5 Qxe7 19. d4 O-O-O 20. Bh3 $16) 17... Rxa7 18. Bxe7 Kxe7
19. d4 $16 {Komodo10}) (14... O-O 15. Nc2 Rfe8 $14 {Komodo9.3}) 15. Nxg5 Nce7 (
15... g6 16. d4 Ba6 17. Qd1 O-O $14 {Komodo10}) 16. Nc2 (16. d4 g6 17. Bf3 {
both Engines, considered; pm analysis; though Bl can go Kf8-g7}) 16... c5 17.
Ra3 {with hopes of later activity} (17. Ne3) 17... Nc6 (17... Bc6 $5) 18. Rb1
g6 (18... Qc7 19. Nf3 Ba6 $11 {Komodo10} (19... Nh6 $11 {Komodo9.3; but Bl had
been consuming a lot of time & still feeling under pressure})) 19. b4 {looking
for complications} axb4 20. cxb4 Ncd4 (20... O-O $11 {both Engines}) 21. Nxd4
Nxd4 22. Qd1 (22. Qd2 O-O 23. Nf3 $11 {both Engines}) (22. Qa2 {considered &
pm analysis}) 22... O-O (22... Nb5 {Bl has thought after his move he had
missed this, as winning material,however Wh gets counterplay down the b file &
it may be dangerous} 23. Rab3 (23. axb5 Rxa3 24. bxc5 bxc5 25. Qc1 Ra8 26. Qxc5
{pm analysis & Komodo10; Wh has enough for the exchange}) 23... Nd4 (23... Rxa4
$6 24. bxc5 Bc6 25. cxb6 $16) 24. R3b2 Qxa4 25. Qc1 (25. Qxa4+ Rxa4 26. bxc5 b5
27. Rb4 Bc6 28. Rxa4 (28. Nf3 $11) 28... bxa4 29. Rb8+ Kd7 $1 (29... Ke7 30.
Rxh8 a3 31. Rh7 Be8 32. Nxf7 Bxf7 33. Rh8 Be8 34. Rh7+ Bf7 $11 {Komodo10}) 30.
Rxh8 a3 31. Rf8 Kc7 32. Rxf7+ Kb8 33. Rf8+ Ka7 34. Rf7+ Ka6 35. Nxe6 a2 (35...
Nxe6 36. d4 Nxd4 37. Bf1+ Ka5 38. Ra7+ Kb4 39. Bd3 Nf3+ 40. Kf1 Ba4 41. Bb1
Nd2+ 42. Kg2 Nxb1 43. Rxa4+ Kxa4 44. e6 $11 {Komodo10; a very complex line}))
25... O-O 26. bxc5 bxc5 27. Qxc5 (27. Rxb7 Ne2+) 27... Ba6 (27... Rac8 28. Qe7
Ba6 29. Qf6 $14) 28. Rb4 Ne2+ 29. Kh2 Qa3 30. Qe7 $18 Bxd3 (30... Rae8 31. Qf6
Qxd3 32. Bh3 Bc8 33. Rb7 $18 {f7 falls;Komodo10}) 31. R1b3 $18 {Komodo10}) 23.
bxc5 bxc5 24. Nf3 Nxf3+ 25. Bxf3 Bc6 (25... Ba6 {may be better}) 26. a5 Qc7 (
26... Rfb8 $5 {both engines}) 27. Qe1 (27. Qc1 Rxa5 28. Rxa5 Qxa5 29. Bxh5 $11
{is possible; Komodo10}) 27... Ra6 {Komodo9.3} (27... Rfb8 {Komodo10}) 28. Qc3
Bd7 29. Rc1 (29. d4 $1 {best immediately, as it avoids the tactic for Bl in
the next note} c4 (29... Rc8 30. Be2 c4) 30. Qd2 {much like the game}) 29...
Rc8 30. d4 $1 {virtually forces c4 (though the Engines have an improvement
here for BL) which gives Bl a protected passed pawn, but an awful B, and ,
crucially, gives the Wh Rs accesss to the K side} c4 (30... Bb5 {both Engines}
31. dxc5 Bc4 32. g4 hxg4 33. Bxg4 Qe7 34. Qg3 Rxc5 35. Rca1 (35. h5) 35... Kg7
36. h5 Qg5 37. f4 Qh6 {Bl was getting very short of time though, & the defence
has to be very precise- its a position where its easier for Bl to make errors}
38. Qh4 $14) 31. g4 {interesting- initially both Engines think this is
premature & gives Bl a slight edge, but then they gradually come to see the
longterm prospects for Wh} hxg4 32. Bxg4 Kg7 33. h5 Rh8 34. hxg6 {the Wh moves
are all natural,; its up to Bl to find the most accurate responses} fxg6 {
Komodo9.3} (34... f5 35. exf6+ Kxg6 $11 {is exactly the kind of computer reply
humans would not consider much, moving pawns on the side where you are under
attack,exposing the K further; but it does let the Q protect the second rank,
prevents Qg3, & looks at h2} 36. Qc2+ Kxf6 37. Rg3 Ke7 38. Qg6 Qf4 39. Qg7+ Kd6
40. Qxh8 (40. Rxc4 Rh1+ 41. Kxh1 dxc4 42. d5 Qxf2 43. Bxe6 Bxe6 44. dxe6 Ra7
$11 {Komodo10;& Bl looks to have a perpetual}) 40... Qxc1+ 41. Kg2) 35. Qf3 (
35. Kg2 $14 {Komodo10}) (35. Qd2 $14) 35... Qd8 36. Rb1 Rf8 (36... Qg5 {both
Engines, but they differ as to followup} 37. Qg2 Rh4 38. Rg3 Qe7 39. Rb8 $16 (
39. Bh5 Rxh5 40. Rxg6+ Kh7 41. Rg8 Be8 42. Rxe8 Qg7 43. Kf1 Qxg2+ 44. Kxg2 Rf5
45. Rb6 Rxa5 46. Rexe6 $18 {Komodo10}) 39... Be8 40. Qf3 Kg8 41. Kg2 $18 Qf7 (
41... Kh7 42. Rb6) 42. Qa3 Kg7 43. Rb6 $18 {Komodo10- the Engines keep finding
ever more complex ideas, despite their earlier notion that its all more or
less equal}) 37. Qh3 (37. Qg3 Ra7 38. Kg2 $16 {both Engines}) (37. Qg2 Rh8 38.
Rg3 Qe7 {as above}) 37... Rh8 38. Qg2 {better to have left the R on f8, as it
can now protect g6} Bc8 (38... Rxa5 {both Engines} 39. Rf3 (39. Rxa5 Qxa5 40.
Rb7 $2 Qe1+ 41. Qf1 Rh1+ $19) 39... Ra7 40. Rf6 Rh6 41. Bxe6 Bxe6 42. Rxe6 Qh4
43. Reb6 Rf7 $11 {Komodo10}) 39. Bd1 $16 {again the Engines claim initial
equality, only later to modify} (39. Rf3 $1 {both Engines} Rxa5 40. Bxe6 $1 Ra7
41. Rf6 Rh6 42. Qg5 $16) 39... Rh6 (39... Rxa5 40. Rxa5 Qxa5 41. Bc2 Qd8 (41...
Rh6 42. Qg5 Qc7 43. Qf6+ Kg8 44. Kg2 $18 c3 (44... Qf7 45. Qd8+ Qf8 46. Qxf8+
Kxf8 47. Rb8 $18) 45. f4 Kh7 46. Ra1 $18 {Komodo10; Bl is running out of moves}
)) 40. Bc2 $18 Qe8 41. Qg5 (41. Rb8 {considered; is a little stronger, though
Wh was planning to use this R on the h file} Ra7 42. a6 Qf8 43. Rf3 Qd8 44. Rg3
Qe8 45. Bxg6 Qxg6 (45... Rxg6 46. Rxc8) 46. Rxc8 Rxa6 47. Rxg6+ Rxg6 48. Rg8+
Kxg8 49. Qxg6+ $18 {Komodo10}) 41... Qf7 42. Kg2 {threatening R3} Rh5 43. Qd8 {
missing the reply, but no harm done} (43. Qg4 Ra7 44. Rg3 Rf5 45. Bxf5 Qxf5 46.
Qxf5 exf5 47. Rb6 $18 {Komodo10}) (43. Qg3 Ra8 (43... g5 {almost anything
breaks through} 44. Qg4 (44. Rh1) (44. Rf3) (44. Rb8 {all Komodo10})) 44. Rf3
Qe8 45. Rf6 g5 46. Rh1 {finishes things}) 43... Rh8 44. Qg5 Rf8 (44... Rh5 45.
Qg3 {as above note}) 45. f4 (45. Rh3 $1 {Julie,is the most powerful} Qxf2+ 46.
Kh1 Qxc2 47. Qh6+ Kf7 48. Rf1+ {wins Q or mates soon}) 45... Rh8 {+25 both
Engines} 46. Rg3 (46. Rh1 $1 {+25 both Engines}) 46... Rh6 (46... Kf8 47. Rh1
Rxh1 48. Kxh1 Ra7 49. Rh3 Qg7 50. Qd8+ Kf7 51. Ba4 Re7 52. Rh8 {Komodo10}) 47.
Rh1 Rxh1 48. Kxh1 (48. Bxg6 {considered, mates a little quicker, but text
seemed simpler}) 48... Rxa5 49. Bxg6 Qf8 (49... Ra1+ 50. Kh2 (50. Bb1+ {only
wins the Q}) 50... Ra2+ 51. Kh3 Qf8 52. Be8+ Kh7 53. Qg6+ Kh8 54. Qh5+ Qh6 55.
Qxh6#) 50. Be8+ 1-0

[Event "WCPL:Cardigan-The Vale"]
[Site "Merthyr Tydfil"]
[Date "2017.04.02"]
[Round "4.5"]
[White "Jukes, Sam"]
[Black "Haigh, Tony"]
[Result "1-0"]
[WhiteElo "1734"]
[BlackElo "1830"]
[Annotator "Rudy"]
[PlyCount "145"]
[EventDate "2017.04.02"]
[EventCountry "WLS"]
[SourceDate "2016.10.09"]

1. d4 f5 2. c4 e6 3. Nf3 Bb4+ 4. Nc3 Nf6 5. Bg5 (5. Bd2 {main}) 5... Bxc3+ 6.
bxc3 b6 7. e3 Bb7 8. Be2 (8. Bd3) 8... d6 9. Qb3 c5 (9... Nbd7 10. Rd1 O-O 11.
O-O h6 12. Bf4 g5 13. Bg3 Ne4 14. Bd3 Nxg3 15. hxg3 Qe8 $11 {Speksnijder-Merten
peksnijder-Merten peksnijder-Mertens. Luxembourg ch 1999,1-0}) 10. dxc5 dxc5
11. Ne5 (11. Rd1 Qc8 $11) 11... O-O 12. Rd1 Qc7 13. Bf4 Qe7 (13... Nc6) (13...
Bxg2 14. Rg1 {is very dangrous}) 14. O-O (14. Bf3) 14... Nbd7 (14... Nc6) 15.
Nxd7 Nxd7 16. Qb5 (16. Bd6 Qg5 $11) 16... Nb8 (16... Rf7 {Cloud Engines}) 17.
Bxb8 Raxb8 18. Rd7 Qg5 19. g3 Rfc8 $11 (19... e5 $11 {Cloud Engines}) 20. Rd6
Qe7 21. Rfd1 Rd8 22. Rd7 Qf6 (22... Rxd7 23. Rxd7 Qf8 24. Rc7 Qd6 25. Rd7 Qf8
$11 {Komodo10}) 23. Bf1 (23. Qa4) 23... e5 24. Qb1 (24. Bg2 $11) (24. Qa4 $11)
24... Rxd7 25. Rxd7 Qc6 $15 26. Rd5 Qe6 (26... Qf6 27. Rd7 Bc6 28. Rd2 (28.
Rxa7 f4 $11) 28... f4 $15) 27. Rd2 Bf3 (27... Rf8 28. Qd1 (28. Bg2 Bxg2 29.
Kxg2 Qxc4 $17) 28... Qc6 29. Rd5 f4 $15 {Komodo10}) 28. Qd3 Be4 29. Qd7 Qxd7
30. Rxd7 Rb7 $15 31. Rd6 Kf7 32. Bg2 Bxg2 33. Kxg2 Ke7 34. Rd5 Ke6 $15 35. Kf3
g5 36. g4 Rf7 37. gxf5+ Kxf5 (37... Rxf5+) 38. Kg3 (38. h3 $11 {Houdini4 &
Komodo10}) 38... h5 $15 39. f3 Rf8 (39... g4 40. e4+ Ke6 41. fxg4 hxg4 42. Rd3
Rf4 43. Re3 Kf6 44. Kh4 Rf2 45. Kxg4 Rxh2 $15 {Komodo10}) 40. h3 $11 (40. Rd7
$11) 40... Rf7 41. a4 Rc7 42. Rd8 Kf6 (42... h4+ $11) (42... Rf7 $11) (42...
Re7 $11) 43. Rd6+ Kf7 (43... Kg7 $14 {Cloud Engines}) 44. Rh6 $16 Rc8 45. Rxh5
Rd8 46. Rh7+ (46. Rxg5 $16 {Cloud Engines}) 46... Kf6 47. Rxa7 Rd3 48. e4 (48.
Ra6 Rxc3 49. Rxb6+ Ke7 50. a5 Rxc4 51. a6 Ra4 52. e4 $16 {Komodo10}) 48... Rxc3
49. Rb7 Rxc4 50. Rxb6+ Kf7 (50... Ke7 $16 {Cloud Engines}) 51. a5 $18 Ra4 52.
a6 (52. Rb5 c4 53. Rxe5 Kf6 54. Rf5+ Kg6 55. Kg4 Ra2 56. Rxg5+ Kf6 57. Rc5 $18
{Komodo10}) 52... c4 53. Kg4 c3 54. Rc6 c2 55. Rxc2 Rxa6 56. Kxg5 Rg6+ 57. Kf5
Rf6+ 58. Kxe5 Rxf3 59. Rh2 (59. h4 {quickest, Nalimov Endgame tablebases})
59... Ra3 60. Kf4 (60. Kf5) 60... Kf6 61. h4 Kg6 62. Kg4 (62. h5+) 62... Ra4
63. h5+ Kh6 64. Kf5 Ra5+ 65. e5 Ra1 66. e6 Rf1+ 67. Ke5 Re1+ 68. Kf6 Rf1+ 69.
Ke7 Re1 70. Kf7 Rf1+ 71. Ke8 Re1 72. e7 Re3 73. Rf2 1-0

[Event "WCPL:Cardigan-The Vale"]
[Site "Merthyr Tydfil"]
[Date "2017.04.02"]
[Round "4.6"]
[White "Jones, Martin C"]
[Black "Bonutto, Stephen"]
[Result "1-0"]
[WhiteElo "1763"]
[BlackElo "1474"]
[Annotator "Rudy"]
[PlyCount "84"]
[EventDate "2017.04.02"]
[EventCountry "WLS"]
[SourceDate "2016.10.09"]

1. d4 d5 2. Nf3 Nf6 3. g3 e6 4. c4 Be7 5. Bg2 O-O 6. O-O dxc4 7. Qc2 c5 (7...
a6 {main}) 8. Qxc4 (8. dxc5 {main}) 8... Nbd7 9. Nc3 (9. Rd1 {main, 83% for Wh}
) (9. dxc5 {75%}) 9... Nb6 (9... a6 10. dxc5 Bxc5 11. b4 Be7 12. Qb3 {6.5-0.5})
10. Qd3 cxd4 (10... c4 {has also been tried, 2-1}) 11. Nxd4 e5 12. Nf5 (12. Nf3
Qxd3 13. exd3 Bd6 14. Re1 (14. b3 Bd7 15. d4 exd4 16. Nxd4 Rac8 $11 {Donner-
Martin, Buenos Aires 1955,1-0}) 14... Re8 15. d4 $14 {Lopez Idarraga-Agudelo,
COl ch blitz, Quibdo 2015,1-0}) 12... Bc5 (12... Bb4 $11 {only move played eg
Alekhine-Euwe, World ch 1937, 1-0}) 13. Qb5 $14 Qc7 14. Be3 Bxe3 15. Nxe3 {Wh
is better deleoped & Bl has a number of entry squares to keep a watch on} Bd7 (
15... Be6) 16. Qa5 Nbd5 17. Qxc7 Nxc7 {swapping Qs has not helped a great deal,
since the Bl pieces are lying passive} 18. Rac1 (18. Nc4 Rfe8 19. Bxb7 Rab8 20.
Bg2 $16 {Komodo10}) (18. Bxb7 Rab8 19. Bg2 Rxb2 20. Nc4 Rc2 21. Rfc1 Rxc1+ 22.
Rxc1 Re8 23. Rb1 $16 {Komodo10}) 18... Rab8 {preferrably Rs should be used for
attack, not for defending weak pawns} 19. Nc4 e4 (19... Rfe8 20. Nd6 $16) 20.
Nxe4 Nxe4 21. Bxe4 $16 Be6 22. b3 b6 23. Nxb6 (23. Ne5 {also very strong})
23... axb6 24. Rxc7 $18 Rfe8 25. Bf3 (25. f3 {just in case the Bl B goes to h3
with backrank possibilities}) 25... Red8 26. Rfc1 h6 27. e3 (27. Be4) 27... b5
28. Rb7 Rxb7 29. Bxb7 b4 (29... Rd2 {looks more active} 30. a4 bxa4 31. bxa4
Ra2 32. Bc6 Bb3 33. Rb1 Bxa4 34. Rb8+ Kh7 35. Bd5 Ra1+ 36. Kg2 Rd1 37. Bxf7 $16
{Komodo10}) 30. Rc2 Bh3 31. f4 Rd1+ 32. Kf2 Bf5 33. e4 Bg4 34. Ke3 Re1+ 35. Kd4
Bf3 36. Bd5 Rd1+ 37. Kc5 Kf8 38. f5 (38. Rc4) 38... Re1 39. Kxb4 (39. Kd6 {
Komodo10; threatens mate} g6 40. fxg6 Kg7 (40... fxg6 41. Rf2 $18) 41. gxf7 $18
{there are always tactics to watch out for in endgames}) 39... Bxe4 40. Bxe4
Rxe4+ 41. Rc4 (41. Kb5) 41... Re2 42. a4 Re7 1-0

[Event "WCPL:Cardiff-Abergavenny"]
[Site "Merthyr Tydfil"]
[Date "2017.04.02"]
[Round "4.7"]
[White "May, Frank"]
[Black "Bullen, Alex"]
[Result "0-1"]
[WhiteElo "2100"]
[BlackElo "2105"]
[PlyCount "66"]
[EventDate "2017.04.02"]
[EventCountry "WLS"]
[SourceDate "2016.10.09"]

1. d4 d5 2. Bf4 Nf6 3. e3 c5 4. c3 Nc6 5. Nd2 Bf5 6. Qb3 Qc8 7. Ngf3 e6 8. Nh4
Bg6 9. Nxg6 hxg6 10. h3 Be7 11. Be2 O-O 12. O-O Qd7 13. Bf3 Rac8 14. Rfe1 Rfe8
15. Rad1 cxd4 16. exd4 Na5 17. Qc2 b5 18. Nb3 Nc4 19. Qe2 b4 20. Nc1 bxc3 21.
bxc3 Nb6 22. Nd3 Rxc3 23. Ne5 Qc8 24. Rc1 Ba3 25. Rxc3 Qxc3 26. Rd1 Nc4 27. Rd3
Qb2 28. Qxb2 Bxb2 29. Bd1 Rc8 30. Kf1 Ne4 31. Ke2 Nc3+ 32. Ke1 Nxa2 33. Rb3
Bxd4 0-1

[Event "WCPL:Cardiff-Abergavenny"]
[Site "Merthyr Tydfil"]
[Date "2017.04.02"]
[Round "4.8"]
[White "Brown, Thomas"]
[Black "Parry, Matthew"]
[Result "1-0"]
[WhiteElo "2060"]
[BlackElo "1907"]
[PlyCount "47"]
[EventDate "2017.04.02"]
[EventCountry "WLS"]
[SourceDate "2016.10.09"]

1. d4 e6 2. Nf3 f5 3. c4 d6 4. g3 Nf6 5. Bg2 Be7 6. Nc3 O-O 7. Qc2 Nbd7 8. O-O
Qe8 9. b3 Ng4 10. h3 Ngf6 11. Ng5 Bd8 12. d5 e5 13. Ne6 Qh5 14. Nxf8 Nxf8 15.
e4 f4 16. Qe2 Qg6 17. Kh2 fxg3+ 18. fxg3 h5 19. Bd2 N8h7 20. Rg1 Ng5 21. Bxg5
Qxg5 22. Bf3 h4 23. Qf2 Nh5 24. Bxh5 1-0

[Event "WCPL:Cardiff-Abergavenny"]
[Site "Merthyr Tydfil"]
[Date "2017.04.02"]
[Round "4.9"]
[White "Waterfield, John W"]
[Black "Hatchett, Paul"]
[Result "1/2-1/2"]
[WhiteElo "1948"]
[BlackElo "2022"]
[PlyCount "28"]
[EventDate "2017.04.02"]
[EventCountry "WLS"]
[SourceDate "2016.10.09"]

1. e4 Nf6 2. Nc3 e5 3. f4 d5 4. exd5 exf4 5. Nf3 c6 6. d4 Bd6 7. dxc6 Nxc6 8.
Bc4 Qe7+ 9. Qe2 O-O 10. O-O Bg4 11. Qxe7 Bxe7 12. Nd5 Nxd5 13. Bxd5 Bxf3 14.
Bxf3 Nxd4 1/2-1/2

[Event "WCPL:Cardiff-Abergavenny"]
[Site "Merthyr Tydfil"]
[Date "2017.04.02"]
[Round "4.10"]
[White "Fathallah, Joe"]
[Black "Miles, Richard"]
[Result "1/2-1/2"]
[WhiteElo "1975"]
[BlackElo "1985"]
[PlyCount "67"]
[EventDate "2017.04.02"]
[EventCountry "WLS"]
[SourceDate "2016.10.09"]

1. d4 d5 2. c4 c6 3. Nc3 e6 4. e3 Nf6 5. Nf3 Nbd7 6. Qc2 b6 7. Bd3 Bb7 8. O-O
Bd6 9. Rd1 O-O 10. e4 dxe4 11. Nxe4 Nxe4 12. Bxe4 Nf6 13. Bg5 h6 14. Bh4 Re8
15. Qe2 Qe7 16. Rac1 Bf4 17. Rc3 g5 18. Bg3 Bxg3 19. hxg3 Kg7 20. Bb1 Rad8 21.
Qe3 Ng4 22. Qe2 Qd6 23. Rcd3 Nf6 24. Ne5 Qc7 25. f4 c5 26. fxg5 hxg5 27. Qe3
Ne4 28. R3d2 cxd4 29. Rxd4 Rxd4 30. Rxd4 Qxe5 31. Bxe4 Bxe4 32. Rxe4 Qf6 33.
Re5 Kg6 34. Qe4+ 1/2-1/2

[Event "WCPL:Cardiff-Abergavenny"]
[Site "Merthyr Tydfil"]
[Date "2017.04.02"]
[Round "4.11"]
[White "Llewellyn, David"]
[Black "Roberts, David L"]
[Result "1/2-1/2"]
[WhiteElo "1818"]
[BlackElo "2004"]
[PlyCount "67"]
[EventDate "2017.04.02"]
[EventCountry "WLS"]
[SourceDate "2016.10.09"]

1. d4 Nf6 2. c4 g6 3. Nc3 Bg7 4. e4 d6 5. Be2 O-O 6. Bg5 Na6 7. h4 h6 8. Be3 e5
9. d5 c6 10. Qd2 Kh7 11. h5 g5 12. f3 cxd5 13. cxd5 Qa5 14. g4 Bd7 15. Nb5
Qxd2+ 16. Kxd2 Bxb5 17. Bxb5 Nc7 18. Bd3 Nd7 19. Ne2 Nc5 20. Ng3 Rfc8 21. Nf5
Bf8 22. Rhc1 Ne8 23. b4 Nxd3 24. Kxd3 a6 25. a4 Ng7 26. Nxg7 Kxg7 27. Bb6 Be7
28. Kd2 Kf8 29. Rxc8+ Rxc8 30. Rc1 Rxc1 31. Kxc1 Ke8 32. Kb2 Bd8 33. Be3 b5 34.
axb5 1/2-1/2

[Event "WCPL:Cardiff-Abergavenny"]
[Site "Merthyr Tydfil"]
[Date "2017.04.02"]
[Round "4.12"]
[White "Jones, Derek"]
[Black "Dixon, Chris"]
[Result "1/2-1/2"]
[WhiteElo "1928"]
[BlackElo "1806"]
[PlyCount "57"]
[EventDate "2017.04.02"]
[EventCountry "WLS"]
[SourceDate "2016.10.09"]

1. c4 Nf6 2. Nc3 g6 3. e4 d6 4. d4 Bg7 5. f4 O-O 6. Nf3 e5 7. fxe5 dxe5 8. d5
Na6 9. Be2 Qe7 10. a3 Nc5 11. Qc2 a5 12. b3 Bd7 13. Bg5 h6 14. Bh4 g5 15. Bf2
Ng4 16. O-O Nxf2 17. Rxf2 f5 18. Nd2 fxe4 19. Rxf8+ Rxf8 20. Ndxe4 Nxe4 21.
Nxe4 Bf5 22. Rf1 Bxe4 23. Rxf8+ Qxf8 24. Qxe4 Qc5+ 25. Kf1 Qxa3 26. Bd3 Qc1+
27. Ke2 Qf4 28. Qh7+ Kf8 29. Qf5+ 1/2-1/2

[Event "WCPL:White Knights-Nidum"]
[Site "Merthyr Tydfil"]
[Date "2017.04.02"]
[Round "4.13"]
[White "Musson, Adam J"]
[Black "Hewitt, William"]
[Result "1/2-1/2"]
[WhiteElo "2094"]
[BlackElo "2016"]
[PlyCount "95"]
[EventDate "2017.04.02"]
[EventCountry "WLS"]
[SourceDate "2016.10.09"]

1. e4 c6 2. d4 d5 3. Nc3 dxe4 4. Nxe4 Nd7 5. Ng5 Ngf6 6. Bd3 e6 7. N1f3 Bd6 8.
Qe2 h6 9. Ne4 Nxe4 10. Qxe4 Qc7 11. O-O b6 12. Qg4 Kf8 13. b3 Bb7 14. Re1 Nf6
15. Qh3 Rd8 16. Bb2 Nd5 17. g3 Nb4 18. Be4 f5 19. Ng5 Bc8 20. a3 Nd5 21. Bd3
Re8 22. c4 Nf6 23. Rac1 c5 24. dxc5 bxc5 25. Re2 Kg8 26. Nf3 Bb7 27. Nh4 Qc6
28. f3 Kf7 29. Rf1 g6 30. Be4 fxe4 31. fxe4 e5 32. Nxg6 Rhg8 33. Rxf6+ Kxf6 34.
Qf5+ Kg7 35. Nh4 Bc7 36. Qh5 Bc8 37. Rf2 Rgf8 38. Nf5+ Bxf5 39. exf5 Rf6 40. g4
Rg8 41. Rd2 Qe8 42. Qh4 Qe7 43. Rd5 Rd8 44. Bc1 Rd7 45. g5 hxg5 46. Qxg5+ Kf7
47. Qh5+ Kg7 48. Qg5+ 1/2-1/2